| 000 | 01163nam0a2200289 4500 | ||
|---|---|---|---|
| 001 | RU\NLR\bibl\93649 | ||
| 005 | 20260407043329.0 | ||
| 010 |
_a5-7442-0509-8 _9150 |
||
| 035 | _a(NLR Aleph) 000091515 | ||
| 090 |
_a513602 _c513602 |
||
| 100 | _a20000621d2000 |||y0rusy50 ca | ||
| 101 | 0 | _arus | |
| 102 | _aRU | ||
| 105 | _aa ||||||||| | ||
| 200 | 1 |
_aПубликации Института материаловедения _eБиблиогр. указ. _e1981-1999 гг. _fРос. акад. наук. Дальневост. отд-ние, Хабар. науч. центр, Ин-т материаловедения |
|
| 210 |
_aВладивосток _cДВО РАН _d2000 |
||
| 215 |
_a58 с. _cил. _d20 |
||
| 320 | _aАвт. указ.: с. 53-57 | ||
| 606 | 0 |
_aМатериаловедение _jБиблиография _91112107 _3RU\NLR\auth\66119709 |
|
| 686 | _aЖ3я183 | ||
| 710 | 0 | 2 |
_aИнститут материаловедения _cХабаровск _3RU\NLR\AUTH\8810015756 _9529372 |
| 801 | 0 |
_aRU _bNLR _c20000621 _gPSBO |
|
| 801 | 1 |
_aRU _bNLR _c20000621 |
|
| 852 |
_aNLR _jС К-2/8224 |
||
| 942 | _cBOOK | ||
| 980 | _aNB | ||